Memorias para la historia de la poesía
Guardado en:
| Hovedforfatter: | |
|---|---|
| Format: | Bog |
| Sprog: | Undetermined |
| Udgivet: |
Buenos Aires, Argentina
EMECE
1942
|
| Fag: | |
| Tags: |
Tilføj Tag
Ingen Tags, Vær først til at tagge denne postø!
|
MARC
| LEADER | 00000nam a2200000Ia 4500 | ||
|---|---|---|---|
| 008 | 170316s9999 xx 000 0 und d | ||
| 040 | |a cru BVZT | ||
| 090 | |a H-862 S-1m | ||
| 100 | |a Sarmiento, Fray Martin | ||
| 245 | |a Memorias para la historia de la poesía | ||
| 260 | |a Buenos Aires, Argentina | ||
| 260 | |b EMECE | ||
| 260 | |c 1942 | ||
| 300 | |a 287 páginas | ||
| 650 | |a LITERATURA ESPAÑOLA | ||
| 650 | |a HISTORIA | ||
| 999 | |c 13682 |d 13682 | ||
| 942 | |c 15 D |h H-862 S-1m |2 z | ||
